[Event "Sitges Sunway op 9th"]
[Site "Sitges"]
[Date "2022.12.16"]
[Round "5"]
[White "Khandhar, Kaushal"]
[Black "Meister, Peter"]
[Result "0-1"]
[WhiteElo "2020"]
[BlackElo "2347"]
[PlyCount "60"]
[EventDate "2022.12.12"]
[EventType "swiss"]
[EventRounds "10"]
[EventCountry "ESP"]
[SourceTitle "CBM 211 Extra"]
[Source "ChessBase"]
[SourceDate "2023.01.31"]
[SourceVersion "1"]
[SourceVersionDate "2023.01.31"]
[SourceQuality "1"]

1. d4 g6 2. Nc3 Bg7 3. e4 d6 4. Be3 a6 5. h4 Nf6 6. h5 Nxh5 7. Rxh5 gxh5 8. Qxh5 e6 9. 0-0-0 Nd7 10. e5 h6 11. f4 Qe7 12. Bf2 dxe5 13. dxe5 b6 14. Bc4 0-0 15. g4 f6 16. Qh1 Rb8 17. Qc6 Kh8 18. Qxe6 Qxe6 19. Bxe6 Nc5 20. Bxc5 bxc5 21. Bxc8 Rbxc8 22. e6 f5 23. Nd5 fxg4 24. Ne7 Rce8 25. Ng6+ Kh7 26. Nxf8+ Rxf8 27. e7 Re8 28. Rd7 Bf6 29. Rxc7 Rxe7 30. Rc6 Bd4 0-1

[Event "Sitges Sunway op 9th"]
[Site "Sitges"]
[Date "2022.12.14"]
[Round "3"]
[White "Khandhar, Kaushal"]
[Black "Sieber, Fiona"]
[Result "1/2-1/2"]
[WhiteElo "2020"]
[BlackElo "2245"]
[PlyCount "118"]
[EventDate "2022.12.12"]
[EventType "swiss"]
[EventRounds "10"]
[EventCountry "ESP"]
[SourceTitle "CBM 211 Extra"]
[Source "ChessBase"]
[SourceDate "2023.01.31"]
[SourceVersion "1"]
[SourceVersionDate "2023.01.31"]
[SourceQuality "1"]

1. d4 Nf6 2. Bf4 c5 3. e3 Nd5 4. dxc5 Nxf4 5. exf4 Qa5+ 6. Qd2 Qxc5 7. Nf3 e6 8. Bd3 Be7 9. 0-0 0-0 10. Nc3 f5 11. Ne2 b6 12. Ned4 Bb7 13. Rfe1 Nc6 14. Nb3 Qd6 15. c3 Bf6 16. Rad1 Ne7 17. Ne5 Rfd8 18. Qe2 Qc7 19. Nd4 a6 20. Bc4 Bxe5 21. fxe5 Ng6 22. g3 Kh8 23. f4 Rg8 24. h4 b5 25. Bd3 Qc5 26. a3 Qe7 27. Qf2 Qf7 28. Be2 Ne7 29. Bf3 Bxf3 30. Nxf3 Nd5 31. Ng5 Qe7 32. Rd3 Rgc8 33. Red1 Rc4 34. Rd4 Rac8 35. Rxc4 Rxc4 36. Qa7 Qc5+ 37. Qxc5 Rxc5 38. Kf2 Kg8 39. Nf3 Kf7 40. Rd4 Ke7 41. Ne1 Nb6 42. Nd3 Rd5 43. Rxd5 Nxd5 44. Nb4 Nxb4 45. axb4 d5 46. exd6+ Kxd6 47. Ke3 e5 48. fxe5+ Kxe5 49. b3 g6 50. c4 h6 51. Kd3 g5 52. hxg5 hxg5 53. Ke3 bxc4 54. bxc4 f4+ 55. gxf4+ gxf4+ 56. Kf3 Kd4 57. c5 Kd5 58. Kxf4 a5 59. bxa5 Kxc5 1/2-1/2

[Event "Sitges Sunway op 9th"]
[Site "Sitges"]
[Date "2022.12.12"]
[Round "1"]
[White "Khandhar, Kaushal"]
[Black "Willow, Jonah B"]
[Result "0-1"]
[WhiteElo "2020"]
[BlackElo "2409"]
[PlyCount "108"]
[EventDate "2022.12.12"]
[EventType "swiss"]
[EventRounds "10"]
[EventCountry "ESP"]
[SourceTitle "CBM 211 Extra"]
[Source "ChessBase"]
[SourceDate "2023.01.31"]
[SourceVersion "1"]
[SourceVersionDate "2023.01.31"]
[SourceQuality "1"]

1. d4 d5 2. Bf4 c5 3. e3 e6 4. c3 Nf6 5. Nd2 Bd6 6. Bxd6 Qxd6 7. f4 0-0 8. Nh3 b6 9. Qf3 Ba6 10. Bxa6 Nxa6 11. 0-0 b5 12. a3 Qc6 13. Nf2 Nc7 14. b4 c4 15. g4 a5 16. g5 Nfe8 17. Ng4 Nd6 18. Kh1 Ra7 19. Rg1 Nf5 20. Qh3 Ne8 21. Rac1 axb4 22. axb4 Qc7 23. Nf3 Qe7 24. Nfe5 Ra3 25. Nh6+ Nxh6 26. gxh6 g6 27. Qg4 Nd6 28. Qg5 Nf5 29. Qxe7 Nxe7 30. Nd7 Rfa8 31. Nf6+ Kh8 32. Rc2 Nf5 33. Ng4 Kg8 34. Rgc1 Kf8 35. Kg2 Ke7 36. Kf3 Nd6 37. Nf2 Nf5 38. Ng4 Ra2 39. Ke2 Nd6 40. Nf2 R8a3 41. Kf3 f5 42. Nh3 Ne4 43. Ng5 Nd2+ 44. Kg3 Nf1+ 45. Kf2 Nxh2 46. Nxh7 Ng4+ 47. Kf3 Nxh6 48. Rxa2 Rxa2 49. Ng5 Ng4 50. Rh1 Nf6 51. Rh8 Ne4 52. Rh7+ Kd6 53. Nf7+ Kc7 54. Nd6+ Kc6 0-1

[Event "Krakow op-B"]
[Site "Krakow"]
[Date "2022.06.29"]
[Round "6"]
[White "Khandhar, Kaushal"]
[Black "Kulesza, Andrzej"]
[Result "1-0"]
[WhiteElo "1936"]
[BlackElo "2024"]
[PlyCount "51"]
[EventDate "2022.06.25"]
[EventType "swiss"]
[EventRounds "9"]
[EventCountry "POL"]
[SourceTitle "EXT 2023"]
[Source "ChessBase"]
[SourceDate "2022.10.05"]
[SourceVersion "1"]
[SourceVersionDate "2022.10.05"]
[SourceQuality "1"]

1. d4 Nf6 2. c4 e6 3. g3 Bb4+ 4. Bd2 a5 5. Bg2 Nc6 6. Nf3 0-0 7. 0-0 Re8 8. Bg5 Bf8 9. Nc3 h6 10. Bf4 d6 11. e4 Qe7 12. e5 dxe5 13. dxe5 Nd7 14. h4 Qc5 15. Qe2 Nd4 16. Nxd4 Qxd4 17. Rad1 Qa7 18. h5 a4 19. Be4 Bb4 20. Nb5 Qa5 21. a3 Bc5 22. Bc2 Nf8 23. Bxh6 Nd7 24. Qg4 Bf8 25. Bxg7 Bxg7 26. h6 1-0

[Event "Penang op 11th"]
[Site "Penang"]
[Date "2019.12.12"]
[Round "6"]
[White "Khandhar, Kaushal"]
[Black "Li, Guohao"]
[Result "0-1"]
[WhiteElo "1957"]
[BlackElo "2131"]
[PlyCount "89"]
[EventDate "2019.12.09"]
[EventType "swiss"]
[EventRounds "9"]
[EventCountry "MAS"]
[SourceTitle "CBM 193 Extra"]
[Source "ChessBase"]
[SourceDate "2020.01.31"]
[SourceVersion "1"]
[SourceVersionDate "2020.01.31"]
[SourceQuality "1"]

1. d4 Nf6 2. Bf4 g6 3. Nc3 d5 4. e3 Bg7 5. h4 0-0 6. h5 c5 7. hxg6 fxg6 8. dxc5 Nc6 9. Nf3 Bg4 10. Be2 Qa5 11. Ng5 Bxe2 12. Qxe2 e5 13. Bg3 h6 14. Ne6 d4 15. exd4 exd4 16. Qc4 Rf7 17. Nxd4 Nxd4 18. Qxd4 Re8+ 19. Kf1 Ne4 20. Qd3 Bxc3 21. bxc3 Qxc5 22. Kg1 Kh7 23. Rh3 Nxf2 24. Bxf2 Qxf2+ 25. Kh2 Re5 26. Qd4 Rg5 27. Qe4 Rgf5 28. Rd1 Rf4 29. Qd3 Rg4 30. Qd5 Qf4+ 31. Kh1 Rg5 32. Qd4 h5 33. Qxf4 Rxf4 34. Rf3 Rxf3 35. gxf3 Rb5 36. Kg2 Kh6 37. Kg3 Kg5 38. Rd4 Rb2 39. f4+ Kf6 40. Rd6+ Kf5 41. Rd5+ Ke6 42. Re5+ Kf6 43. Ra5 a6 44. Ra3 Rxc2 45. f5 0-1

[Event "Penang op 11th"]
[Site "Penang"]
[Date "2019.12.10"]
[Round "2"]
[White "Khandhar, Kaushal"]
[Black "Prasannaa, S."]
[Result "0-1"]
[WhiteElo "1957"]
[BlackElo "2213"]
[PlyCount "58"]
[EventDate "2019.12.09"]
[EventType "swiss"]
[EventRounds "9"]
[EventCountry "MAS"]
[SourceTitle "CBM 193 Extra"]
[Source "ChessBase"]
[SourceDate "2020.01.31"]
[SourceVersion "1"]
[SourceVersionDate "2020.01.31"]
[SourceQuality "1"]

1. d4 Nf6 2. Bf4 d5 3. e3 c5 4. c3 Nc6 5. Nd2 g6 6. h3 Bg7 7. Ngf3 0-0 8. Ne5 cxd4 9. exd4 Nh5 10. Bh2 Nxe5 11. dxe5 Bh6 12. Be2 Nf4 13. Bxf4 Bxf4 14. Nf3 f6 15. exf6 Rxf6 16. g3 Bc7 17. Qd2 Bf5 18. Rh2 Qd7 19. 0-0-0 Rd8 20. Nd4 Be4 21. Bb5 Qc8 22. f4 e5 23. fxe5 Bxe5 24. Rf2 Rxf2 25. Qxf2 Rf8 26. Qh2 a6 27. Be2 Qb8 28. Bg4 Bxg3 29. Be6+ Kh8 0-1

[Event "Puchong op 6th"]
[Site "Puchong"]
[Date "2019.08.25"]
[Round "5"]
[White "Dwitama, Gelar Sagara"]
[Black "Khandhar, Kaushal"]
[Result "1-0"]
[WhiteElo "1986"]
[BlackElo "1965"]
[PlyCount "101"]
[EventDate "2019.08.24"]
[EventType "swiss"]
[EventRounds "6"]
[EventCountry "MAS"]
[SourceTitle "EXT 2020"]
[Source "ChessBase"]
[SourceDate "2019.10.17"]
[SourceVersion "1"]
[SourceVersionDate "2019.10.17"]
[SourceQuality "1"]

1. Nf3 d5 2. g3 Nf6 3. Bg2 c6 4. 0-0 Bg4 5. c4 e6 6. d4 Nbd7 7. Nc3 Bd6 8. Qb3 Qb8 9. Nd2 0-0 10. e4 dxe4 11. Ndxe4 Nxe4 12. Nxe4 Bc7 13. f4 Bf5 14. Be3 Bxe4 15. Bxe4 Nf6 16. Bf3 a5 17. a4 Bd6 18. Rad1 Rd8 19. Rd3 Rd7 20. Rfd1 Bb4 21. Qc2 Qc7 22. g4 Rad8 23. Qg2 Bd6 24. Qd2 Bb4 25. Qf2 Ne8 26. b3 g6 27. Kg2 Ng7 28. h3 c5 29. d5 exd5 30. Bxd5 Re8 31. f5 gxf5 32. gxf5 Qe5 33. Rf1 Nh5 34. Qh4 Qg7+ 35. Kf2 Rxd5 36. cxd5 Qb2+ 37. Kf3 Nf6 38. Qf2 Qe5 39. Qg3+ Qxg3+ 40. Kxg3 Nxd5 41. Rxd5 Rxe3+ 42. Rf3 Re2 43. f6 h6 44. Kg4 Kh7 45. Kf5 Rg2 46. h4 Rh2 47. Rd7 Rxh4 48. Rxf7+ Kg8 49. Rxb7 c4 50. Rg3+ Kf8 51. Rb8+ 1-0

[Event "Kuala Lumpur Selangor op 46th"]
[Site "Kuala Lumpur"]
[Date "2019.04.27"]
[Round "3"]
[White "Dimakiling, Oliver"]
[Black "Khandhar, Kaushal"]
[Result "1-0"]
[WhiteElo "2404"]
[BlackElo "1929"]
[PlyCount "77"]
[EventDate "2019.04.26"]
[EventType "swiss"]
[EventRounds "9"]
[EventCountry "MAS"]
[SourceTitle "EXT 2020"]
[Source "ChessBase"]
[SourceDate "2019.10.17"]
[SourceVersion "1"]
[SourceVersionDate "2019.10.17"]
[SourceQuality "1"]

1. c4 c6 2. Nf3 Nf6 3. b3 d5 4. Bb2 e6 5. Qc2 Nbd7 6. Nc3 Bd6 7. e3 0-0 8. h3 Qe7 9. a3 a5 10. g4 b6 11. Bg2 Bb7 12. d4 Rac8 13. 0-0 c5 14. dxc5 Nxc5 15. Rfd1 dxc4 16. bxc4 Rfd8 17. a4 h6 18. Qe2 Nfe4 19. Nb5 Bb8 20. Nfd4 Qh4 21. Nf3 Qe7 22. Bd4 e5 23. Bb2 Ng5 24. Nxg5 Qxg5 25. Bxb7 Nxb7 26. e4 Rxd1+ 27. Rxd1 Nc5 28. Nc3 Ne6 29. Nd5 Nf4 30. Nxf4 Qxf4 31. Rd5 Qf6 32. Qd3 Bc7 33. Qe3 Bb8 34. Qd3 Bc7 35. Qe3 Rd8 36. Kg2 Qc6 37. Qb3 Rxd5 38. cxd5 Qc5 39. Qc3 1-0

[Event "Krakow op-A 28th"]
[Site "Krakow"]
[Date "2017.12.28"]
[Round "2"]
[White "Golda, Sebastian"]
[Black "Khandhar, Kaushal"]
[Result "1-0"]
[WhiteElo "2173"]
[BlackElo "1981"]
[PlyCount "55"]
[EventDate "2017.12.27"]
[EventType "swiss"]
[EventRounds "9"]
[EventCountry "POL"]
[SourceTitle "CBM 182 Extra"]
[Source "ChessBase"]
[SourceDate "2018.02.23"]
[SourceVersion "1"]
[SourceVersionDate "2018.02.23"]
[SourceQuality "1"]

1. e4 e6 2. d4 d5 3. Nd2 Nf6 4. e5 Nfd7 5. Bd3 c5 6. c3 cxd4 7. cxd4 Nc6 8. Ndf3 f6 9. exf6 Nxf6 10. Nh3 Bd6 11. 0-0 0-0 12. Re1 Qc7 13. Nhg5 e5 14. dxe5 Nxe5 15. Bxh7+ Kh8 16. Nh4 Nxh7 17. Rxe5 Nf6 18. Ng6+ Kg8 19. Rxd5 Bxh2+ 20. Kh1 Re8 21. Be3 Be6 22. Rc5 Qb8 23. Nxe6 Rxe6 24. Qb3 Kf7 25. f4 Kxg6 26. Qxe6 Qe8 27. Rg5+ Kh7 28. Qf5+ 1-0

[Event "Penang op-A 9th"]
[Site "Penang"]
[Date "2017.12.07"]
[Round "6"]
[White "Lim, Kian Hwa"]
[Black "Khandhar, Kaushal"]
[Result "1-0"]
[WhiteElo "1796"]
[BlackElo "1981"]
[PlyCount "82"]
[EventDate "2017.12.04"]
[EventType "swiss"]
[EventRounds "9"]
[EventCountry "MAS"]
[SourceTitle "CBM 182 Extra"]
[Source "ChessBase"]
[SourceDate "2018.02.23"]
[SourceVersion "1"]
[SourceVersionDate "2018.02.23"]
[SourceQuality "1"]

1. e4 g6 2. d4 Bg7 3. Nf3 c6 4. Nc3 d5 5. exd5 cxd5 6. Bd3 Nc6 7. Be3 Nh6 8. 0-0 0-0 9. h3 Nf5 10. Bxf5 Bxf5 11. Qd2 Re8 12. g4 Bc8 13. Bh6 Bh8 14. Ne2 Qa5 15. c3 Bd7 16. Ng3 Rad8 17. a3 Qc7 18. Rae1 Bc8 19. Re2 Na5 20. Rfe1 Nc4 21. Qc1 b6 22. Bg5 f6 23. Bf4 Qd7 24. Bh6 Ba6 25. Re6 Nd6 26. R6e3 Nf7 27. Re6 Bc8 28. Kh2 Qb7 29. R6e2 e5 30. dxe5 fxe5 31. Bf4 e4 32. Nd4 Ne5 33. Rg1 Rf8 34. Bh6 Bg7 35. Bxg7 Kxg7 36. f4 Nd3 37. Qe3 Rxf4 38. Ngf5+ Kh8 39. Nc6 Bxf5 40. Nxd8 Qc7 41. Qd4+ Kg8 1-0

[Event "Penang op-A 9th"]
[Site "Penang"]
[Date "2017.12.05"]
[Round "3"]
[White "Khandhar, Kaushal"]
[Black "Kong Jian Yuan, Stephen"]
[Result "1-0"]
[WhiteElo "1981"]
[BlackElo "1704"]
[PlyCount "27"]
[EventDate "2017.12.04"]
[EventType "swiss"]
[EventRounds "9"]
[EventCountry "MAS"]
[SourceTitle "CBM 182 Extra"]
[Source "ChessBase"]
[SourceDate "2018.02.23"]
[SourceVersion "1"]
[SourceVersionDate "2018.02.23"]
[SourceQuality "1"]

1. g3 c5 2. Bg2 g6 3. Nf3 Bg7 4. 0-0 Nc6 5. e4 d6 6. d3 Nf6 7. Nc3 0-0 8. h3 Rb8 9. a4 Qd7 10. d4 cxd4 11. Nxd4 Nxe4 12. Nxc6 Nxc3 13. Nxb8 Nxd1 14. Nxd7 1-0

[Event "Penang op-A 9th"]
[Site "Penang"]
[Date "2017.12.05"]
[Round "2"]
[White "Zhang, Di"]
[Black "Khandhar, Kaushal"]
[Result "1-0"]
[WhiteElo "1755"]
[BlackElo "1981"]
[PlyCount "57"]
[EventDate "2017.12.04"]
[EventType "swiss"]
[EventRounds "9"]
[EventCountry "MAS"]
[SourceTitle "CBM 182 Extra"]
[Source "ChessBase"]
[SourceDate "2018.02.23"]
[SourceVersion "1"]
[SourceVersionDate "2018.02.23"]
[SourceQuality "1"]

1. Nf3 Nf6 2. c4 g6 3. g3 Bg7 4. Bg2 0-0 5. 0-0 d6 6. Nc3 c6 7. d4 Qc7 8. e4 e5 9. c5 dxc5 10. dxe5 Ng4 11. Qd6 Bxe5 12. Qxc5 Na6 13. Qc4 Bg7 14. Bf4 Qa5 15. h3 Be6 16. Qe2 Nf6 17. Nd4 Rfe8 18. Rfd1 Qb4 19. a3 Qc4 20. Qc2 Rac8 21. Be3 Bg4 22. hxg4 Nxg4 23. Qe2 Qxe2 24. Ndxe2 Nxe3 25. fxe3 Nc5 26. b4 Ne6 27. Rd7 Nc7 28. Rf1 Rf8 29. Bh3 1-0